000 00566nam a2200193Ia 4500
005 20250508160041.0
008 008 250505s9999 xx 000 0 eng d
037 _aTextual
040 _aFEDL
_beng
_cFEDL
041 _aeng
_2eng
084 _a370.19, CLA
_qFEDL
100 _aClapp Elsie Ripley
_994458
245 0 _aUse of resources in education
260 _aNew York, USA
_bHarper and Brothers Publishers
_c1952
300 _axvi,174p
650 _aEducation - Sociology
_9757833
942 _cTEXL
_h370.19, CLA
999 _c1361421
_d1361421